000 00363 a2200109 4500
001 ART_55655
005 20260410162029.0
008 260409a
245 1 0 _aTipo de proceso y protección de los intereses económicos del consumidor:
100 1 _aRossi, Jorge O.
773 0 _tTemas de derecho procesal
_g- Año 6, N° 4 (abr. 2022)
_wREV44095
999 _c33847
_d33847